[Event "Girona Gerunda op 7th"]
[Site "Girona"]
[Date "2024.05.17"]
[Round "6"]
[White "Mundet Riera, Jaume"]
[Black "Diaz Comas, Jordi"]
[Result "1-0"]
[WhiteElo "2107"]
[BlackElo "1927"]
[PlyCount "69"]
[EventDate "2024.04.12"]
[EventType "swiss"]
[EventRounds "8"]
[EventCountry "ESP"]
[SourceTitle "EXT 2025"]
[Source "ChessBase"]
[SourceDate "2024.10.14"]
[SourceVersion "1"]
[SourceVersionDate "2024.10.14"]
[SourceQuality "1"]

1. Nf3 d5 2. g3 Nf6 3. Bg2 g6 4. d4 Bg7 5. c4 e6 6. 0-0 0-0 7. Nc3 b6 8. Ne5 Bb7 9. Bg5 h6 10. Bf4 Nbd7 11. cxd5 exd5 12. Rc1 c6 13. Nxd7 Qxd7 14. Qd2 Kh7 15. Be5 Rfe8 16. Rfd1 Rad8 17. Qc2 Qc8 18. b4 Qa8 19. e3 Ng4 20. Bxg7 Kxg7 21. Qb2 f5 22. b5 Rc8 23. bxc6 Bxc6 24. e4 fxe4 25. Nxe4 Bd7 26. Nd6 Rf8 27. Nxc8 Rxf2 28. Qc3 Qxc8 29. Qxc8 Bxc8 30. Re1 Rf8 31. Rc7+ Kh8 32. Ree7 Nf6 33. Rf7 Rxf7 34. Rxf7 Nh5 35. Bxd5 1-0

[Event "Girona Gerunda op"]
[Site "Girona"]
[Date "2021.07.20"]
[Round "4"]
[White "Pino Jacomet, Arnau"]
[Black "Diaz Comas, Jordi"]
[Result "1-0"]
[WhiteElo "1795"]
[BlackElo "2079"]
[PlyCount "74"]
[EventDate "2021.07.19"]
[EventType "swiss"]
[EventRounds "9"]
[EventCountry "ESP"]
[SourceTitle "EXT 2022"]
[Source "ChessBase"]
[SourceDate "2021.10.06"]
[SourceVersion "1"]
[SourceVersionDate "2021.10.06"]
[SourceQuality "1"]

1. e4 Nc6 2. d4 e5 3. d5 Nce7 4. c4 Nf6 5. Nc3 Ng6 6. Be3 Bb4 7. Bd3 Bxc3+ 8. bxc3 d6 9. h3 b6 10. Ne2 Nh5 11. Qd2 h6 12. Bc2 Bd7 13. g4 Nf6 14. Ng3 Nh4 15. Qe2 Ng2+ 16. Kd2 g5 17. Rhg1 Nxe3 18. fxe3 0-0 19. Raf1 Ne8 20. Rf3 f6 21. Rgf1 Kg7 22. Qh2 Kg6 23. Nf5 Bxf5 24. exf5+ Kf7 25. h4 Ng7 26. hxg5 hxg5 27. Qh6 Rh8 28. Qg6+ Kg8 29. R1f2 Qe7 30. a3 Qf7 31. Ba4 Rd8 32. e4 Qxg6 33. fxg6 Ne8 34. Bxe8 Rxe8 35. Rxf6 Re7 36. R6f5 Rh6 37. Rxg5 Kg7 1-0

[Event "Sant Gregori op 4th"]
[Site "Sant Gregori"]
[Date "2019.07.08"]
[Round "1.3"]
[White "Bonilla Rodriguez, Javier"]
[Black "Diaz Comas, Jordi"]
[Result "0-1"]
[WhiteElo "1560"]
[BlackElo "1897"]
[PlyCount "66"]
[EventDate "2019.07.08"]
[EventType "swiss"]
[EventRounds "7"]
[EventCountry "ESP"]
[SourceTitle "EXT 2024"]
[Source "ChessBase"]
[SourceDate "2023.10.10"]
[SourceVersion "1"]
[SourceVersionDate "2023.10.10"]
[SourceQuality "1"]

1. e4 Nf6 2. d3 e5 3. Nf3 Nc6 4. c3 Bc5 5. Be2 h6 6. Nbd2 d6 7. 0-0 0-0 8. a4 a5 9. h3 d5 10. Nxe5 Nxe5 11. d4 Nxe4 12. Nxe4 dxe4 13. dxc5 Qe7 14. Be3 Be6 15. b4 Rfd8 16. Qb1 Bc4 17. Qb2 Bd3 18. Qa2 Qe8 19. Rfd1 Bxe2 20. Qxe2 Rxd1+ 21. Qxd1 axb4 22. cxb4 Nd3 23. Qb3 Kh7 24. b5 Qe5 25. Qa3 f5 26. g3 g5 27. Rf1 f4 28. Bd2 fxg3 29. Be3 gxf2+ 30. Kg2 c6 31. Qb3 Qd5 32. Qxd5 cxd5 33. Bxf2 Rxa4 0-1

[Event "Gerunda op 3rd"]
[Site "Gerunda"]
[Date "2018.04.27"]
[Round "4"]
[White "Sole Benegues, Jordi"]
[Black "Diaz Comas, Jordi"]
[Result "0-1"]
[WhiteElo "1661"]
[BlackElo "1876"]
[PlyCount "74"]
[EventDate "2018.04.06"]
[EventType "swiss"]
[EventRounds "9"]
[EventCountry "ESP"]
[SourceTitle "CBM 184 Extra"]
[Source "ChessBase"]
[SourceDate "2018.06.28"]
[SourceVersion "1"]
[SourceVersionDate "2018.06.28"]
[SourceQuality "1"]

1. e3 g6 2. f4 d5 3. d4 Nf6 4. c3 Nbd7 5. Nf3 Ne4 6. Nbd2 Ndf6 7. Nxe4 Nxe4 8. Ne5 Bg7 9. Bb5+ Kf8 10. 0-0 Nd6 11. Bd3 h5 12. Qf3 Nf5 13. e4 dxe4 14. Bxe4 c6 15. Bd2 Be6 16. Rae1 Bd5 17. Qh3 Bxe4 18. Rxe4 c5 19. Rfe1 e6 20. Qd3 Rc8 21. Nxg6+ fxg6 22. Rxe6 Bf6 23. Re8+ Qxe8 24. Rxe8+ Rxe8 25. Kf2 cxd4 26. cxd4 Bxd4+ 27. Kf3 Kg7 28. Qb5 Re7 29. h3 h4 30. Qb4 Rhe8 31. g4 hxg3 32. Bc3 Re3+ 33. Kg4 Bxc3 34. bxc3 b6 35. c4 g2 36. Qb2+ Kh6 37. Qf2 Rg3+ 0-1

[Event "Gerunda op 3rd"]
[Site "Gerunda"]
[Date "2018.04.20"]
[Round "3"]
[White "Diaz Comas, Jordi"]
[Black "Parals Marce, Luis"]
[Result "0-1"]
[WhiteElo "1876"]
[BlackElo "2062"]
[PlyCount "60"]
[EventDate "2018.04.06"]
[EventType "swiss"]
[EventRounds "9"]
[EventCountry "ESP"]
[SourceTitle "CBM 184 Extra"]
[Source "ChessBase"]
[SourceDate "2018.06.28"]
[SourceVersion "1"]
[SourceVersionDate "2018.06.28"]
[SourceQuality "1"]

1. e4 g6 2. d4 Bg7 3. c3 c5 4. Nf3 cxd4 5. cxd4 d5 6. e5 Nh6 7. Nc3 0-0 8. Bd3 Nc6 9. h3 Nf5 10. Be2 e6 11. g4 Nh4 12. g5 Nf5 13. h4 Qb6 14. Na4 Qc7 15. a3 a6 16. b4 Ncxd4 17. Nxd4 Nxd4 18. Qxd4 Bxe5 19. Qb6 Qc2 20. Bb2 Bxb2 21. Nxb2 Qxb2 22. Rd1 Bd7 23. h5 Ba4 24. Rd2 Qc1+ 25. Bd1 Bxd1 26. Rxd1 Qc3+ 27. Kf1 Qc4+ 28. Ke1 Qe4+ 29. Kd2 Rac8 30. Rc1 d4 0-1

[Event "Girona op-A 4th"]
[Site "Girona"]
[Date "2013.07.21"]
[Round "7"]
[White "Pruja Ramirez de Cartagena, Eduardo"]
[Black "Diaz Comas, Jordi"]
[Result "1-0"]
[WhiteElo "1789"]
[BlackElo "1921"]
[PlyCount "63"]
[EventDate "2013.07.15"]
[EventType "swiss"]
[EventRounds "9"]
[EventCountry "ESP"]
[SourceTitle "CBM 155 Extra"]
[Source "ChessBase"]
[SourceDate "2013.08.26"]
[SourceVersion "1"]
[SourceVersionDate "2013.08.26"]
[SourceQuality "1"]

1. e4 Nf6 2. e5 Nd5 3. d4 d6 4. c4 Nb6 5. exd6 cxd6 6. Nc3 g6 7. Be3 Bg7 8. b3 0-0 9. Rc1 Nc6 10. Nf3 h6 11. Be2 e5 12. dxe5 dxe5 13. Qxd8 Rxd8 14. 0-0 Be6 15. Nb5 Rd7 16. Rfd1 Rad8 17. Nxa7 Nd4 18. Bxd4 exd4 19. Bd3 Ra8 20. Nb5 Rxa2 21. Bb1 Rb2 22. Nfxd4 Re7 23. Nxe6 Rxe6 24. c5 Rxb3 25. Nc7 Bb2 26. Nxe6 Bxc1 27. Rxc1 fxe6 28. cxb6 Rxb6 29. Bxg6 Kg7 30. Be4 Kf6 31. Rb1 Rd6 32. Bxb7 1-0

[Event "Girona op-A 4th"]
[Site "Girona"]
[Date "2013.07.19"]
[Round "5"]
[White "Mundet Riera, Jaume"]
[Black "Diaz Comas, Jordi"]
[Result "1-0"]
[WhiteElo "2167"]
[BlackElo "1921"]
[PlyCount "59"]
[EventDate "2013.07.15"]
[EventType "swiss"]
[EventRounds "9"]
[EventCountry "ESP"]
[SourceTitle "CBM 155 Extra"]
[Source "ChessBase"]
[SourceDate "2013.08.26"]
[SourceVersion "1"]
[SourceVersionDate "2013.08.26"]
[SourceQuality "1"]

1. d4 c5 2. d5 d6 3. e4 g6 4. Nc3 Bg7 5. Nf3 Nd7 6. Be2 Ngf6 7. h3 a6 8. a4 Qc7 9. 0-0 0-0 10. Bf4 b6 11. Qd2 Re8 12. Bh6 Bh8 13. Ng5 Bb7 14. Rad1 Nf8 15. f4 N6d7 16. h4 Bg7 17. Bxg7 Kxg7 18. h5 f6 19. Nf3 h6 20. Nh4 g5 21. Nf5+ Kh8 22. Rf3 b5 23. Rg3 e6 24. Nxh6 exd5 25. fxg5 dxe4 26. g6 Nxg6 27. hxg6 Kg7 28. Nf5+ Kg8 29. Qh6 Nf8 30. Rh3 1-0

[Event "Girona op-A 4th"]
[Site "Girona"]
[Date "2013.07.16"]
[Round "2"]
[White "Diaz Comas, Jordi"]
[Black "Parals Marce, Luis"]
[Result "1/2-1/2"]
[WhiteElo "1921"]
[BlackElo "2041"]
[PlyCount "84"]
[EventDate "2013.07.15"]
[EventType "swiss"]
[EventRounds "9"]
[EventCountry "ESP"]
[SourceTitle "CBM 155 Extra"]
[Source "ChessBase"]
[SourceDate "2013.08.26"]
[SourceVersion "1"]
[SourceVersionDate "2013.08.26"]
[SourceQuality "1"]

1. e4 c5 2. Nf3 e6 3. c3 d5 4. exd5 Qxd5 5. d4 cxd4 6. Qxd4 Qxd4 7. Nxd4 a6 8. Be2 Nf6 9. Bf3 Nbd7 10. 0-0 Ne5 11. Be2 Bd6 12. b3 Neg4 13. h3 Ne5 14. Ba3 Bc7 15. Nd2 g5 16. N2f3 Nxf3+ 17. Bxf3 h5 18. Bd1 Bd7 19. Re1 g4 20. h4 g3 21. f3 Nd5 22. Bb2 Rg8 23. Bc2 0-0-0 24. a3 Bf4 25. Bc1 Bd6 26. Bd2 Bc5 27. Kh1 Bxd4 28. cxd4 Kb8 29. Be4 Bc6 30. Bg5 Rc8 31. Rac1 b6 32. Kg1 Kb7 33. Rc2 f5 34. Bxd5 Bxd5 35. Rec1 Rxc2 36. Rxc2 Bxb3 37. Rc3 Bd5 38. Bf4 a5 39. Kf1 b5 40. Rc5 Ka6 41. Bd2 Rd8 42. Ke2 Kb6 1/2-1/2

[Event "Girona-ch"]
[Site "Girona"]
[Date "2012.02.24"]
[Round "7"]
[White "Vidal Zamora, Alex"]
[Black "Diaz Comas, Jordi"]
[Result "1-0"]
[WhiteElo "2183"]
[BlackElo "1908"]
[PlyCount "109"]
[EventDate "2012.01.13"]
[EventType "swiss"]
[EventRounds "9"]
[EventCountry "ESP"]
[SourceTitle "EXT 2013"]
[Source "ChessBase"]
[SourceDate "2012.11.22"]
[SourceVersion "1"]
[SourceVersionDate "2012.11.22"]
[SourceQuality "1"]

1. e4 Nf6 2. e5 Nd5 3. d4 d6 4. Nf3 g6 5. Bc4 Nb6 6. Bb3 Nc6 7. Ng5 e6 8. exd6 Bxd6 9. c3 0-0 10. Qf3 Be7 11. h4 Nd5 12. Qg3 Qd6 13. f4 Nf6 14. h5 Kg7 15. Na3 Nxd4 16. cxd4 Qxd4 17. Nc2 Ne4 18. Nxd4 Nxg3 19. h6+ Kh8 20. Rh3 Nh5 21. Rd3 Bb4+ 22. Kd1 c6 23. Ndf3 Nf6 24. Ne5 Kg8 25. Be3 Nd5 26. Bxd5 exd5 27. Rb3 Bd6 28. Nd3 f6 29. Nf3 b6 30. Nb4 Bb7 31. a4 c5 32. Nc2 d4 33. Bd2 c4 34. Rb5 Bc6 35. Ncxd4 Bxb5 36. axb5 Rfd8 37. Kc2 Rd7 38. Nc6 Bc5 39. Ra4 Re8 40. Rxc4 Re2 41. g4 Be3 42. Re4 Rexd2+ 43. Nxd2 Bxd2 44. Nxa7 g5 45. f5 Kf7 46. Nc6 Bf4 47. Ra4 Be3 48. Ra8 Rd2+ 49. Kc3 Rh2 50. Ra7+ Kg8 51. Rg7+ Kf8 52. Rxh7 Kg8 53. Rg7+ Kh8 54. Rg6 Bc1 55. Nd8 1-0

[Event "Girona-ch"]
[Site "Girona"]
[Date "2012.01.20"]
[Round "2"]
[White "Bonell Gleich, Xavier"]
[Black "Diaz Comas, Jordi"]
[Result "0-1"]
[WhiteElo "1621"]
[BlackElo "1908"]
[PlyCount "64"]
[EventDate "2012.01.13"]
[EventType "swiss"]
[EventRounds "9"]
[EventCountry "ESP"]
[SourceTitle "EXT 2013"]
[Source "ChessBase"]
[SourceDate "2012.11.22"]
[SourceVersion "1"]
[SourceVersionDate "2012.11.22"]
[SourceQuality "1"]

1. e4 Nf6 2. Nc3 d5 3. exd5 Nxd5 4. Qf3 c6 5. Nxd5 cxd5 6. Bb5+ Nc6 7. Ne2 e6 8. Nd4 Qb6 9. Bxc6+ bxc6 10. Nb3 Ba6 11. d3 Bd6 12. Bf4 Qb4+ 13. Bd2 Qh4 14. h3 0-0 15. g3 Qa4 16. Qg4 Qb5 17. Bc3 e5 18. a4 Qb8 19. Qd7 d4 20. Ba5 Bc8 21. Qxc6 Bb7 22. Qb5 Bxh1 23. Kd2 Qxb5 24. axb5 Bd5 25. Nc1 Rfb8 26. c4 dxc3+ 27. Bxc3 Rxb5 28. Ra6 Bb4 29. Ke3 Bxc3 30. bxc3 Rb6 31. Ra5 Bg2 32. Rxe5 Re6 0-1

[Event "Figueres op 12th"]
[Site "Figueres"]
[Date "2011.08.18"]
[Round "9"]
[White "Diaz Comas, Jordi"]
[Black "Loubet, Jean Pierre"]
[Result "1/2-1/2"]
[WhiteElo "1923"]
[BlackElo "1713"]
[PlyCount "119"]
[EventDate "2011.08.11"]
[EventType "swiss"]
[EventRounds "9"]
[EventCountry "ESP"]
[SourceTitle "CBM 143 Extra"]
[Source "ChessBase"]
[SourceDate "2011.08.29"]
[SourceVersion "1"]
[SourceVersionDate "2011.08.29"]
[SourceQuality "1"]

1. d4 d5 2. c4 Nf6 3. Nf3 c5 4. cxd5 Nxd5 5. e4 Nf6 6. Nc3 e6 7. Bg5 Be7 8. Bb5+ Bd7 9. dxc5 0-0 10. 0-0 Bc6 11. Bxf6 Bxf6 12. Bxc6 Nxc6 13. Qb3 Nd4 14. Nxd4 Qxd4 15. Rac1 Rac8 16. Qb5 Rxc5 17. Qxb7 Rfc8 18. Ne2 Qd8 19. Rxc5 Rxc5 20. Qb3 h6 21. Rd1 Qc7 22. Rd2 a5 23. g3 Rc4 24. Qd3 Qc6 25. f3 Qb5 26. b3 Qb6+ 27. Kg2 Rc8 28. Rc2 Rd8 29. Qc4 Qe3 30. Qc7 g5 31. Qxa5 Rd3 32. Qa8+ Kg7 33. e5 Qxe5 34. Qe4 Qd6 35. b4 Rd1 36. Qc6 Qxb4 37. Kh3 h5 38. Nc3 g4+ 39. Kg2 Rd3 40. Ne4 gxf3+ 41. Kh3 Be7 42. Nf2 Qe1 43. g4 Qf1+ 44. Kg3 Qg2+ 45. Kf4 Qxh2+ 46. Ke4 Rd6 47. Qc3+ Bf6 48. Qc7 Qe5+ 49. Kxf3 hxg4+ 50. Kxg4 Qf5+ 51. Kg3 Be5+ 52. Kg2 Rd4 53. Qc6 Qg6+ 54. Kf1 Rd5 55. Qc4 Qf5 56. Qg4+ Qxg4 57. Nxg4 Bf4 58. Ke2 f5 59. Nf2 Bg3 60. a4 1/2-1/2